000 00833nam a2200229 4500
005 20160629145855.0
008 160629t2012 ck ado||q|||| 00| 0 spa d
020 _a9789588353371
040 _aCO-BoIAVH
_cCO-BoIAVH
041 0 _aspa
044 _ack
082 0 4 _a346.04675
_bV45g
100 1 _aVenegas Deza, Rafael
_eautor
245 1 0 _aGuía de certificación forestal /
_cRafael Venegas Deza
250 _aPrimera edición
260 _aSantiago de Cali, Colombia :
_bWWF Colombia,
_c2012.
300 _a70 páginas :
_bilustraciones a color, tablas y fotografías a color ;
_c22 x 17 cm.
504 _aIncluye referencias bibliográficas.
650 2 6 _aRecursos forestales
_xGestión
_vcertificación
650 2 6 _aRecursos forestales
_xGestión
_xbeneficios
_vcertificación
942 _2ddc
_cLIBRO
999 _c18857
_d18857